000
00278nam a2200109 a 4500
005
20201002052842.0
008
150811s2003 000 spa d
020
_a
8466727108
245
0
_a
Lengua española : nivel básico.
260
_a
Madrid : Anaya,
_c
2003.
999
_c
45900
_d
45900
040
_a
DO-SdBNP